LEADER 00505nab a2200145 i 4500 001 000000309936 003 CaOOAMICUS 005 20180831173004.0 008 180831n xx uu u0 0und r 013 $a19031 040 $aSeMil$bita 100 1 $aPompili, B.$0(OLS)http://semarc/name/88213 245 13$aLe feste pel Centenario di Guido Monaco e la Musica Sacra. 773 0 $t[Luglio-Dicembre].$g215-227$w()273972 996 $6245$aLe feste pel Centenario di Guido Monaco e la Musica Sacra$9(OLS)http://semarc/title/384896 LEADER 01036nam a2200229 i 4500 001 000000124897 003 CaOOAMICUS 005 20040401000000.0 008 040401s1975 it u000 u ita u 013 $a97595 040 $aSeMil$bita 100 1 $aGiacalone, Giuseppe.$0(OLS)http://semarc/name/14049 245 10$aDa Svevo ai nostri giorni :$bStoria della letteratura italiana con storia della critica /$cGiuseppe Giacalone. 260 $aMilano :$bSignorelli,$ccopyr. 1975. 300 $a1107 p. ;$c23 cm. 500 $aContiene : Indice degli autori ; Indice dei critici. 650 4$aLetteratura italiana - Storia - Sec. 20.$0(OLS)http://semarc/subject/996 850 $aSeMil 852 $aSeMil$W1$xVenegono$y1$m395 4 *$j79411$B79411$CSeMilBibl$Z2$F81564 $81 961 $aRecupero: Biblioteca Seminario Liceale 996 $6245$aDa Svevo ai nostri giorni :$bStoria della letteratura italiana con storia della critica$9(OLS)http://semarc/title/183863 996 $6260$aMilano :$bSignorelli$9(OLS)http://semarc/publisher/31508